Arqueología prehistórica e historia de la ciencia. Hacia una historia crítica de la arqueologia
Guardat en:
| Autor principal: | |
|---|---|
| Format: | Llibre |
| Idioma: | espanyol |
| Publicat: |
Barcelona
Bellaterra
2007
|
| Col·lecció: | Arqueología
|
| Matèries: | |
| Etiquetes: |
Afegir etiqueta
Sense etiquetes, Sigues el primer a etiquetar aquest registre!
|
MARC
| LEADER | 00000nam a2200000 a 4500 | ||
|---|---|---|---|
| 001 | UCI5585 | ||
| 003 | CL-VaPUC | ||
| 008 | 080404e20070000SP |||||||||||||||||spa|d | ||
| 020 | |a 9788472903791 | ||
| 082 | 0 | 4 | |a 930.1 |b MOR |2 21 |
| 100 | |a Moro Abadía, Oscar |e autor |9 528047 | ||
| 245 | 1 | 0 | |a Arqueología prehistórica e historia de la ciencia. Hacia una historia crítica de la arqueologia |
| 300 | |a 306 p | ||
| 942 | |c BK | ||
| 945 | |d 20080404 00:00:00 |a rbrito | ||
| 260 | |a Barcelona |b Bellaterra |c 2007 | ||
| 650 | 0 | |a Arqueología |9 265619 | |
| 650 | 0 | |a Prehistoria |9 316557 | |
| 650 | 7 | |a HISTORIA DE LA ARQUEOLOGIA |2 CL-VaPUC |9 528048 | |
| 583 | |a last modification |c 20080404 00:00:00 |k Rodrigo Vera | ||
| 490 | 0 | |a Arqueología | |
| 999 | |c 329325 |d 329323 | ||
| 952 | |0 0 |1 0 |4 0 |6 930_100000000000000_MOR_2007 |7 0 |8 A |9 413715 |a BIBHIS |b BIBHIS |d 2019-11-22 |i 4424220 |o 930.1 MOR 2007 |p 4424220 |r 2023-01-25 |w 2019-11-22 |y BK |k HIS | ||